Music Quiz

Random Music or Lyrics Quiz

Lyrics: Come and Get Your Love (Redbone) Quiz Stats

Quiz not verified by Sporcle

Challenge
Share
Tweet
Embed
Score 0/286 Timer 08:00
0 Plays Today
% Correct
you
97.4%
you
97.4%
your
96.8%
your
96.8%
and
96.8%
your
96.8%
your
96.8%
come
96.8%
and
96.8%
and
96.8%
and
96.8%
Come
96.8%
and
96.8%
your
96.8%
Come
96.8%
and
96.8%
your
96.8%
Come
96.8%
and
96.8%
your
96.8%
Come
96.8%
and
96.8%
your
96.8%
your
96.8%
your
96.8%
Come
96.8%
and
96.8%
your
96.8%
Come
96.8%
and
96.8%
your
96.8%
Come
96.8%
and
96.8%
your
96.8%
Come
96.8%
and
96.8%
your
96.8%
Come
96.8%
and
96.8%
your
96.8%
come
96.8%
and
96.8%
your
96.8%
come
96.8%
and
96.8%
your
96.8%
Come
96.8%
and
96.8%
your
96.8%
come
96.8%
and
96.8%
your
96.8%
come
96.8%
and
96.8%
your
96.8%
Come
96.8%
and
96.8%
your
96.8%
come
96.8%
and
96.8%
your
96.8%
come
96.8%
and
96.8%
your
96.8%
Come
96.8%
and
96.8%
your
96.8%
come
96.8%
and
96.8%
your
96.8%
come
96.8%
and
96.8%
your
96.8%
Come
96.8%
and
96.8%
your
96.8%
Come
96.8%
and
96.8%
your
96.8%
Come
96.8%
and
96.8%
your
96.8%
Come
96.8%
and
96.8%
your
96.8%
your
96.8%
come
96.8%
and
96.8%
your
96.8%
come
96.8%
and
96.8%
your
96.8%
come
96.8%
and
96.8%
your
96.8%
the
96.1%
% Correct
the
96.1%
the
96.1%
you
96.1%
the
96.1%
the
96.1%
you
96.1%
you
96.1%
the
96.1%
the
96.1%
get
95.5%
love.
95.5%
get
95.5%
love.
95.5%
get
95.5%
love.
95.5%
get
95.5%
love.
95.5%
get
95.5%
love
95.5%
get
95.5%
get
95.5%
love.
95.5%
get
95.5%
love.
95.5%
get
95.5%
love.
95.5%
get
95.5%
love.
95.5%
get
95.5%
love,
95.5%
get
95.5%
love,
95.5%
get
95.5%
love
95.5%
get
95.5%
love,
95.5%
get
95.5%
love,
95.5%
get
95.5%
love
95.5%
get
95.5%
love,
95.5%
get
95.5%
love,
95.5%
get
95.5%
love
95.5%
get
95.5%
love,
95.5%
get
95.5%
love,
95.5%
get
95.5%
love
95.5%
get
95.5%
love.
95.5%
get
95.5%
love.
95.5%
get
95.5%
love.
95.5%
get
95.5%
love.
95.5%
Get
95.5%
get
95.5%
love.
95.5%
get
95.5%
love.
95.5%
get
95.5%
love
95.5%
with
89.6%
with
89.6%
with
89.6%
with
89.6%
with
89.6%
with
89.6%
what's
86.4%
what's
86.4%
what's
86.4%
what's
86.4%
matter
84.4%
matter
84.4%
matter
84.4%
matter
84.4%
matter
84.4%
Hey (hey),
83.8%
Hey (hey),
83.8%
Hey (hey),
83.8%
Hey (hey),
83.8%
Hey,
83.8%
Hey (hey),
83.8%
Hey (hey),
83.8%
Hey
83.8%
I
81.8%
so
80.5%
it;
79.2%
it.
79.2%
it
79.2%
it
79.2%
% Correct
it
79.2%
it;
79.2%
it
79.2%
it,
79.2%
it
79.2%
it
79.2%
baby,
72.1%
baby
72.1%
baby?
72.1%
baby.
72.1%
baby?
72.1%
yeah
70.8%
yeah.
70.8%
yeah.
70.8%
head?
70.1%
head,
70.1%
now.
67.5%
now.
67.5%
now.
67.5%
now.
67.5%
now.
67.5%
you're
66.9%
you're
66.9%
fine
66.2%
mine
66.2%
Yeah...
65.6%
Oh...
65.6%
oh
65.6%
oh
65.6%
look
64.3%
right?
63.6%
right,
63.6%
right?
63.6%
right?
63.6%
right,
63.6%
right.
63.6%
divine.
63%
feel
62.3%
feel
62.3%
feel
62.3%
feel
62.3%
on
59.1%
mind
57.1%
if
56.5%
if
56.5%
some,
55.2%
some:
55.2%
want
53.2%
take
52.6%
find
51.9%
find
51.9%
all
51.9%
find
51.9%
find
51.9%
all
51.9%
from
50%
from
50%
'cause
48.7%
Don't
48.7%
Don't
48.7%
it's
47.4%
together
45.5%
main
44.2%
main
44.2%
nothing
42.2%
La
39%
la
39%
la
39%
la
39%
la
39%
la
39%
La
39%
la
39%
la
39%
la
39%
la
39%
la
39%
La
39%
la
39%
la
39%
la
39%
la
39%
la
39%
la
39%
la
39%
la
39%
said
37.7%
vine,
37%
vine,
37%
like
35.7%
Hell
32.5%
business
31.2%
sighing?
19.5%
darling
18.8%

You're not logged in!

Compare scores with friends on all Sporcle quizzes.
Sign Up with Email
OR
Log In

You Might Also Like...

Show Comments

Extras

Top Quizzes Today


Score Distribution

Your Account Isn't Verified!

In order to create a playlist on Sporcle, you need to verify the email address you used during registration. Go to your Sporcle Settings to finish the process.